00480 2200181 4500001002100000005001500021008004100036020001800077035001900095041000700114082000800121090001400129100001600143245006300159260002600222300002900248650002100277INLIS00000000000020520241224112132241224||||||||| | ||| |||| || |  a979-760-437-3 0010-1224000205 aid0 a337 a337 TRI m0 aTriyanto EN00aMengenal Lebih Dekat Lembaga-lembaga Ekonomi Internasional bAdhigma Sentosac2011 a21x15,5 cm, vi, 74 hlm.; 0aIlmu-ilmu Sosial